| 000 | 00788cam0a2200241 4500 | ||
|---|---|---|---|
| 001 | 7697 | ||
| 010 | _a9789973878533 | ||
| 090 | _a7697 | ||
| 099 | _tLIVR | ||
| 100 | _a20180827d2017 m y0frey50 ba | ||
| 101 | 0 | _afre | |
| 102 | _aTN | ||
| 200 | 1 |
_aArtistes de Tunisie et d'ailleurs _eécrits sur l'art contemporain, 1983-2016 _fAli Louati _bLIVR |
|
| 210 |
_aTunis _cContraste éditions _d2017 |
||
| 215 |
_a1 vol. (231 p.) _cill. _d22 cm |
||
| 606 |
_3027280721 _aArtistes _302725349X _yTunisie _99729 |
||
| 606 |
_3159095697 _aArt _yTunisie _3086305646 _z20e siècle _910279 |
||
| 606 |
_3159095697 _aArt _yTunisie _3050665391 _z2000-.... _912402 |
||
| 700 | 1 |
_3030463920 _aLouati _bAli _4070 |
|
| 801 | 3 |
_aFR _bAbes _c20200312 _gAFNOR |
|
| 801 | 0 |
_bDLC _gAACR2 _aTN _c20250416 |
|
| 801 | 0 |
_bTN _g32Bis |
|
| 830 | _aABA | ||